000 00293nam a2200133Ia 4500
100 _aCourtney T.H.
942 _cBK
654 _abehaviour
245 _aMechanical behaviour materials
260 _bMc Graw Hill
_aNew York
_c1990
082 _a620.11292
300 _a247
546 _aENGLISH
999 _c31185
_d31185